00819nam a2200193 i 450000100060000000300090000600500170001500700030003200800410003510000260007624501600010226000650026230000630032765000340039065000420042485200210046699900170048795201210050437038ES-MaACL20230906155506.0t|030220s1904 fr ||||1| fre d1 aBrunhes, Jean.93217912aL'irrigation bses conditions géographiques, ses modes et son organisation dans la Péninsule Ibérique et dans l'Afrique du Nord / cpar Jean Brunhes. aParis : bMasson et Cie, c1904 (eChartres : fImp. Durand) aXVII, 579 p., [16] h. de plan., 5 pleg. : bil. ; c25 cm. 4aRegadío-zEspaña.9145279 4aRegadío-zAfrica del Norte.9158643 aES-MaACLjG-5937 c37038d37038 00104070aATENEOMbATENEOMcDEPO2d2008-01-17eSCl0oG-5937p1038967r2023-02-23 00:00:00w2023-02-23yMONOGRAFIA